00993nam a2200349Ia 4500008004000000020001800040041000800058082001500066100002000081245010800101260003200209300001100241440000700252650000900259650001200268650001200280650000700292650001300299650001300312650001000325650000900335650001000344650001600354650001500370650000900385650000800394690002400402700001800426906001100444999001900455952016900474210210b2014 xxu||||| |||| 00| 0 eng d a9788130917986 aeng a502.8 WALV aWALKER (Pamela) aViva facts on file science experiments library: human bodybLearning through experiments and experience aNew DelhibViva booksc2014 axx,160 a12 aViva athrough ascience aon alibrary: aLearning ahuman afile afacts aexperiments aexperience abody aand aScience Experiments aWOOD (Elaine) a068875 c152968d152968 001040738GeneralaALbALcReferenced2021-02-17eIntact Bookhouse Pvt. Ltd, Bangalore-560050g1082.91l0o502.8 WALVp068875r2021-02-17 00:00:00w2021-02-17yBK